El perifiton del sistema cenagoso de Ayapel Córdoba, Colombia / (Registro nro. 18115)

Detalles MARC
000 -CABECERA
Campo de control 01197nam a2200277 a 4500
005 - FECHA Y HORA DE LA ULTIMA TRANSACCION
Campo de control 20180803170221.0
008 - ELEMENTOS DE LONGITUD FIJA—INFORMACION GENERAL
Campo de control 130731s2011 ck a gr 00010 spa d
020 ## - ISBN
ISBN 9789588692425
040 ## - FUENTE DE CATALOGACIÓN
Agencia catalogadora original CO-BoBLA
Agencia transcriptora CO-BoBLA
Agencia Modificadora CO-BoIAVH
041 0# - IDIOMA
Código de idioma para texto/pista de sonido o título separado Español
044 ## - PAÍS DE PUBLICACIÓN
País de publicación Colombia
082 04 - NUMERO DE CLASIFICACION DECIMAL DEWEY
Número de clasificación 577.78
Número del ítem M79p
100 1# - ASIENTO PRINCIPAL--NOMBRE PERSONAL
Nombre personal Montoya Moreno, Yimmy.
9 (RLIN) 100485
245 13 - MENCION DE TITULO
Título El perifiton del sistema cenagoso de Ayapel Córdoba, Colombia /
Mención de responsabilidad Yimmy Montoya Moreno, Néstor Jaime Aguirre R., Elvia María González A.
260 ## - PUBLICACION, DISTRIBUCION, ETC. (PIE DE IMPRENTA)
Lugar de publicación, distribución, etc. Medellín :
Nombre del editor, distribuidor, etc. Universidad de Medellín. Sello Editorial,
Fecha de publicación, distribución, etc. 2011.
300 ## - DESCRIPCION FISICA
Extensión 81 páginas :
Otros detalles físicos ilustraciones ;
Dimensiones 23 x 16 cm.
504 ## - NOTA DE BIBLIOGRAFIA, ETC.
Nota de bibliografía Incluye bibliografía.
650 #4 - ASIENTO SECUNDARIO DE MATERIA - TERMINO TEMATICO
Término temático o nombre geográfico como elemento de entrada Ecología vegetal
Subdivisión geográfica Ciénaga de Ayapel (Córdoba, Colombia)
9 (RLIN) 58100
650 #4 - ASIENTO SECUNDARIO DE MATERIA - TERMINO TEMATICO
Término temático o nombre geográfico como elemento de entrada Ecología marina
Subdivisión geográfica Ciénaga de Ayapel (Córdoba, Colombia)
9 (RLIN) 58101
650 #4 - ASIENTO SECUNDARIO DE MATERIA - TERMINO TEMATICO
Término temático o nombre geográfico como elemento de entrada Ecosistemas marinos
Subdivisión geográfica Ciénaga de Ayapel (Córdoba, Colombia)
9 (RLIN) 58102
650 #4 - ASIENTO SECUNDARIO DE MATERIA - TERMINO TEMATICO
Término temático o nombre geográfico como elemento de entrada PERIFITON
Subdivisión geográfica Ciénaga de Ayapel (Córdoba, Colombia)
9 (RLIN) 58103
700 1# - ASIENTO SECUNDARIO - NOMBRE PERSONAL
Nombre personal Aguirre Ramírez, Néstor Jaime.
9 (RLIN) 58104
700 1# - ASIENTO SECUNDARIO - NOMBRE PERSONAL
Nombre personal González Agudelo, Elvia María.
9 (RLIN) 58105
700 1# - ASIENTO SECUNDARIO - NOMBRE PERSONAL
Nombre personal López Escobar, Leonardo David,
Término de relación editor
9 (RLIN) 58106
942 ## - ELEMENTOS ADICIONALES (KOHA)
Sistema de clasificación Dewey Decimal Classification
Tipo de ítem Libro
Existencias
Withdrawn status Lost status Sistema de Clasificación Damaged status No para préstamo Colección Inventariado Ubicación Permanente Ubicación actual Fecha de adquisición Fuente de Valor Valor Total Checkouts Número topográfico Inventario / Código de Barras Date last seen Ejemplar Price effective from Forma de adquisición Tipo de material
    Dewey Decimal Classification     General Inventariado 2017 Bogotá Bogotá 09/02/2016 Instituto 39000.00   LB-577.78 M79p 039792 09/02/2016 Ej. 1 09/02/2016   Libro
    Dewey Decimal Classification     General Inventariado 2017 Sala Fabio Quevedo Sala Fabio Quevedo 09/02/2016 Instituto 39000.00   LB-577.78 M79p 039793 09/02/2016 Ej. 2 09/02/2016   Libro